| 000 | 02246ctm a2200433 i 4500 | ||
|---|---|---|---|
| 999 |
_c1280 _d1280 |
||
| 001 | 005518188 | ||
| 003 | OCoLC | ||
| 005 | 20221228082550.0 | ||
| 008 | 930601r19941959nyuab j 000 1 eng | ||
| 010 | _a93014302 | ||
| 020 |
_a9780064405034 _q(pbk.) |
||
| 035 |
_a(OCoLC)28293431 _z(OCoLC)31467570 _z(OCoLC)701782746 |
||
| 040 |
_aDLC _beng _cDLC _dJBW _dBAKER _dBTCTA _dXY4 _dYDXCP _dCKK _dCKL _dOCLCQ _dOCLCF _dP4I _dOCLCQ _dOCLCO _dTXHLC _dBDX _dNCTU _dKH8 |
||
| 042 | _anbic | ||
| 082 | 0 | 4 |
_aFIC LEW _220 |
| 100 | 1 |
_aLewis, C. S. _q(Clive Staples), _d1898-1963. _eAuthor |
|
| 245 | 1 | 4 |
_aThe last battle / _cC.S. Lewis ; illustrated by Pauline Baynes. |
| 250 | _a1st HarperCollins ed. | ||
| 264 |
_aNew York : _bHarperCollins, _c1994. |
||
| 300 |
_a211 pages : _billustrations map ; _c24 cm. |
||
| 336 |
_atext _btxt _2rdacontent. |
||
| 337 |
_aunmediated _bn _2rdamedia. |
||
| 338 |
_avolume _bnc _2rdacarrier. |
||
| 490 | 1 |
_aThe Chronicles of Narnia ; _vbk. 7. |
|
| 505 | 0 | 0 |
_tBy Caldron Pool -- _tRashness of the king -- _tApe in its glory -- _tWhat happened that night -- _tHow help came to the king -- _tGood night's work -- _tMainly about dwarfs -- _tWhat news the eagle brought -- _tGreat meeting on Stable Hill -- _tWho will go into the stable? -- _tPace quickens -- _tThrough the stable door -- _tHow the dwarfs refused to be taken in -- _tNight falls upon Narnia -- _tFurther up and further in -- _tFarewell to the shadowlands. |
| 520 | _aWhen evil comes to Narnia, Jill and Eustace help fight the great last battle and Aslan leads his people to a glorious new paradise. | ||
| 526 | 0 |
_bMG _d7.0 _z619. |
|
| 526 | 0 |
_b6-8 _d9 _z06651. |
|
| 650 | 0 |
_aFantasy _vJuvenile. |
|
| 650 | 1 | _aFantasy. | |
| 650 | 7 |
_aFantasy. _2fast _0(OCoLC)fst00920687. |
|
| 650 | 7 |
_aNarnia (Imaginary place) _vFiction. _2henn. |
|
| 655 | 7 |
_aJuvenile works. _2fast _0(OCoLC)fst01411637. |
|
| 700 | 1 |
_aBaynes, Pauline, _eillustrator. |
|
| 800 | 1 |
_aLewis, C. S. _q(Clive Staples), _d1898-1963. _tChronicles of Narnia (HarperCollins (Firm)) ; _vbk. 7. |
|
| 856 | 4 | 2 |
_3Contributor biographical information _uhttp://catdir.loc.gov/catdir/enhancements/fy0910/93014302-b.html |
| 856 | 4 | 2 |
_3Publisher description _uhttp://catdir.loc.gov/catdir/description/hc041/93014302.html |
| 942 |
_2ddc _cFIC |
||